<?xml version="1.0" encoding="UTF-8"?>
<marc:record xmlns:marc="http://www.loc.gov/MARC21/slim">
   <marc:leader>00000nam a2200000 a 4500</marc:leader>
   <marc:datafield ind1="1" ind2=" " tag="100">
      <marc:subfield code="a">Baier, Hiltrud</marc:subfield>
      <marc:subfield code="4">aut</marc:subfield>
      <marc:subfield code="e">Verfasser/-in</marc:subfield>
   </marc:datafield>
   <marc:datafield ind1=" " ind2=" " tag="653">
      <marc:subfield code="a">Mann</marc:subfield>
   </marc:datafield>
   <marc:datafield ind1=" " ind2=" " tag="653">
      <marc:subfield code="a">Nichte</marc:subfield>
   </marc:datafield>
   <marc:datafield ind1=" " ind2=" " tag="653">
      <marc:subfield code="a">Lappland</marc:subfield>
   </marc:datafield>
   <marc:datafield ind1=" " ind2=" " tag="653">
      <marc:subfield code="a">Suche</marc:subfield>
   </marc:datafield>
   <marc:datafield ind1=" " ind2=" " tag="653">
      <marc:subfield code="a">Tante</marc:subfield>
   </marc:datafield>
   <marc:datafield ind1="0" ind2="0" tag="245">
      <marc:subfield code="a">Helle Tage, helle Nächte</marc:subfield>
   </marc:datafield>
   <marc:datafield ind1="0" ind2="0" tag="245">
      <marc:subfield code="b">Roman</marc:subfield>
   </marc:datafield>
   <marc:datafield ind1="0" ind2="0" tag="245">
      <marc:subfield code="c">Hiltrud Baier</marc:subfield>
   </marc:datafield>
   <marc:datafield ind1=" " ind2="1" tag="264">
      <marc:subfield code="a">Frankfurt am Main</marc:subfield>
      <marc:subfield code="b">Krüger</marc:subfield>
      <marc:subfield code="c">2018</marc:subfield>
   </marc:datafield>
   <marc:datafield ind1="1" ind2=" " tag="520">
      <marc:subfield code="a">Zwei ungleiche Frauen, eine alles für immer verändernde Entscheidung und die große Weite der Natur.Frühling. Die Kirschbäume blühen. Es könnte so idyllisch sein. Doch Anna Albinger, die in einer Kleinstadt am Fuß der Schwäbischen Alb lebt, wird schwer krank. Plötzlich wird sie von dem Gefühl eingeholt, dass es für manche Dinge irgendwann zu spät sein könnte. Denn es gibt diese große Lüge in ihrem Leben. Schweren Herzens schreibt sie einen langen Brief, den ihre Nichte Frederike für sie nach Lappland bringen soll.Frederike, frisch geschieden und auf der Suche nach einem neuen Anfang, ist wenig begeistert. Nur widerwillig lässt sie die kranke Tante zurück und bricht in den menschenleeren Norden auf, sucht den Mann, an den Annas Brief adressiert ist. Doch Petter Svakko scheint verschwunden. Allein auf sich gestellt in der Bergwelt Lapplands, merkt Frederike, dass man manchmal auch am falschen Ort sein kann und trotzdem das Richtige findet.</marc:subfield>
   </marc:datafield>
   <marc:datafield ind1=" " ind2=" " tag="020">
      <marc:subfield code="a">9783810530387</marc:subfield>
      <marc:subfield code="9">9783810530387</marc:subfield>
   </marc:datafield>
   <marc:datafield ind1=" " ind2=" " tag="020">
      <marc:subfield code="a">ISBN 9783810530387 ? 20,60</marc:subfield>
      <marc:subfield code="9">ISBN 9783810530387 ? 20,60</marc:subfield>
   </marc:datafield>
   <marc:datafield ind1=" " ind2=" " tag="041">
      <marc:subfield code="a">ger</marc:subfield>
   </marc:datafield>
   <marc:datafield ind1="0" ind2=" " tag="490">
      <marc:subfield code="v">0</marc:subfield>
   </marc:datafield>
   <marc:datafield ind1=" " ind2=" " tag="300">
      <marc:subfield code="a">350 S.</marc:subfield>
   </marc:datafield>
</marc:record>
